000 01101cam a22003377a 4500
003 CHAP
005 20220329140959.0
008 971013c19551978 r 00010 d
010 _a60862
011 _a61834
035 _a66002
040 _cCHAP
082 _a583.47
_bL35
100 0 0 _aLamb, Edgar.
_964545
245 1 4 _aThe illustrated reference on cacti and other succulents
260 _aLondon :
_bBlandford,
_c1955-1978
300 _a5 v.
_b: ilus.
500 _aLa biblioteca tiene: v.1, v.3
500 _av.3 v.5, por Edgar y Brian M. Lamb.
590 _aBATCH-UPD
_b10
_c20130110
_lUCH01
_h1852
590 _aBATCH-UPD
_b10
_c20130410
_lUCH01
_h1220
590 _aBATCH-UPD
_b10
_c20130914
_lUCH01
_h0805
590 _aCONVERSION
_b10
_c20130109
_lUCH01
_h1333
650 1 4 _aCactáceas.
_916994
700 0 _aLamb, Brian.
_964543
901 _aBK
942 _cLIBRO
949 _a583.47 L35
_bBC
_cC
_d33724000525440
_eC
_fv.3
_h9805
_i66002
_si
949 _a583.47 L35
_bBC
_cC
_d33724000924197
_eC
_fv.5
_h58036
_i66002
_si
949 _a583.47 L35
_bBC
_cC
_d33724002202355
_eC
_fv.1
_h9804
_i66002
_si
999 _c60862
_d60862